000 00326 a2200157 4500
001 190591
020 _a978-0-230-43232-1
040 _cMagnum
100 _aHarrison, James
240 1 0 _aThe rainforest
_lING
245 1 0 _aThe rainforest
300 _a48
362 0 _a2012
697 _aLITERATURA INGLESA
942 _cBK
999 _c190591
_d190591